Protecting your Web site with firewalls (Record no. 6639)
[ view plain ]
| 000 -LEADER | |
|---|---|
| fixed length control field | 00655 a2200169 4500 |
| 020 ## - INTERNATIONAL STANDARD BOOK NUMBER | |
| International Standard Book Number | 0136282075 |
| 040 ## - CATALOGING SOURCE | |
| Original cataloging agency | DLC |
| 082 00 - DEWEY DECIMAL CLASSIFICATION NUMBER | |
| Classification number | 005.8 |
| 100 1# - MAIN ENTRY--PERSONAL NAME | |
| Personal name | Goncalves, Marcus. |
| 245 10 - TITLE STATEMENT | |
| Title | Protecting your Web site with firewalls |
| Statement of responsibility, etc. | Marcus Goncalves. |
| 260 ## - PUBLICATION, DISTRIBUTION, ETC. | |
| Place of publication, distribution, etc. | Upper Saddle River, N.J. : |
| Name of publisher, distributor, etc. | Prentice Hall PTR, |
| Date of publication, distribution, etc. | c1997. |
| 300 ## - PHYSICAL DESCRIPTION | |
| Extent | xxviii, 290 p. : |
| Other physical details | ill. ; |
| Dimensions | 24 cm. + |
| Accompanying material | computer laser optical disk (4 3/4 in.) |
| 500 ## - GENERAL NOTE | |
| General note | CD-ROM contains evaluation copy of WebTrend (web logging and reporting software for Windows NT Webservers). |
| 650 #0 - SUBJECT ADDED ENTRY--TOPICAL TERM | |
| Topical term or geographic name entry element | Computer networks |
| General subdivision | Security measures. |
| 650 #0 - SUBJECT ADDED ENTRY--TOPICAL TERM | |
| Topical term or geographic name entry element | Web sites |
| General subdivision | Security measures. |
| 942 ## - ADDED ENTRY ELEMENTS (KOHA) | |
| Koha item type | Book |
| Call number prefix | 005.8 GON |
| Source of classification or shelving scheme | |
| Withdrawn status | Lost status | Damaged status | Not for loan | Collection code | Permanent Location | Current Location | Shelving location | Date acquired | Source of acquisition | Cost, normal purchase price | Total Checkouts | Full call number | Barcode | Date last seen | Price effective from | Koha item type |
|---|---|---|---|---|---|---|---|---|---|---|---|---|---|---|---|---|
| Central Library (CL) | Central Library (CL) | First Floor - Artificial Intelligence/Data Mining | 01/04/2002 | New Public Book | 1620.57 | 005.8 GON | SEECS001644 | 11/14/2012 | 01/05/2017 | Book |
